God Wills It (Record no. 9740)
[ view plain ]
| 000 -LEADER | |
|---|---|
| fixed length control field | 00619nam a2200241 a 4500 |
| 020 ## - INTERNATIONAL STANDARD BOOK NUMBER | |
| ISBN | 0750902 |
| 082 00 - DEWEY DECIMAL CLASSIFICATION NUMBER | |
| Classification number | 909.07 |
| Author Cutter | BAR |
| 100 ## - MAIN ENTRY--AUTHOR NAME | |
| Author name | Bartlett, W B |
| 245 ## - TITLE STATEMENT | |
| Title | God Wills It |
| Sub title | an Illustrated History of the Crusades. |
| 260 ## - PUBLICATION, DISTRIBUTION, ETC. (IMPRINT) | |
| Place of publication | United Kingdom |
| Name of publisher | Sutton Publishiing Limited |
| Year of publication | 1999 |
| 300 ## - PHYSICAL DESCRIPTION | |
| Number of Pages | 274p |
| 500 ## - GENERAL NOTE | |
| General note | includes index and biblioraphy |
| 505 2# - FORMATTED CONTENTS NOTE | |
| Formatted contents note | Index |
| 650 ## - SUBJECT ADDED ENTRY--TOPICAL TERM | |
| Topical Term | Crusades |
| 942 ## - ADDED ENTRY ELEMENTS (KOHA) | |
| Koha item type | Books |
| 700 1# - | |
| -- | Bartlett, W B |
| Collection code | Home library | Current library | Date acquired | Cost, normal purchase price | Full call number | Accession Number | Koha item type |
|---|---|---|---|---|---|---|---|
| Henry Martyn Institute Library | Henry Martyn Institute Library | 06/05/2007 | 695.00 | 909.07 BAR | 019837 | Books |
